000
00263nam a22001097a 4500
008
170123b xxu||||| |||| 00| 0 eng d
020
_a
9780803623545
041
_a
eng
080
_2
2ND
_a
618.2
245
_a
FUNDAMENTALS OF NURSING
_c
WILKINSON, J.M
942
_2
udc
_c
BK
999
_c
3360
_d
3360